| 000 | 00674nam a2200205Ia 4500 | ||
|---|---|---|---|
| 005 | 20220706141505.0 | ||
| 008 | 210716s2001 xx 000 0 und d | ||
| 020 | _a8188057002 | ||
| 040 | _cAIMIT LIBRARY | ||
| 041 | _aeng | ||
| 082 |
_a006.62 _21 _bRADM |
||
| 100 |
_aRadhakrishnan, M. _947245 |
||
| 245 |
_aComputer installation and troubleshooting / _cBy M. Radhakrishnan and D. Balasubramanian. |
||
| 250 | _a1st ed. | ||
| 260 |
_aNew Delhi : _bLearning Materials Centre , _c2001. |
||
| 300 |
_axi,8.31,I.vip. ; _bPB _c27.6 cm. |
||
| 650 |
_aMicrocontrollers & Microprocessors. _947246 |
||
| 700 |
_aBalasubramanian, D. _947263 |
||
| 942 |
_2ddc _cBK _e1st _k006.62 RADM |
||
| 999 |
_c185114 _d185114 |
||